00637nam a22002297a 4500003000500000005001700005008004100022010001000063011001000073035001000083040000900093082001700102100001900119245005000138250001000188260004900198300003000247490004700277650002200324650001400346830004700360CHAP20220329134207.0971013s1974 r 00010 d a16779 a17751 a21835 cCHAP a633bJ3 197400aJanick, Jules. aPlant science; an introduction to world crops a2 ed. aSan Francisco, Cal., :bW. H. Freeman,c1974 a740 p.b: ilus. ; gráfs aA series of books in agricultural sciences14aCultivos y clima.14aCultivos.0 aA series of books in agricultural sciences